[Event "Centroamericano and Caribe U18"]
[Site "Merida"]
[Date "2018.04.29"]
[Round "3"]
[White "Gonzalez, Nilfi"]
[Black "Cerrada Montes, Gregori Jose"]
[Result "1-0"]
[WhiteElo "1623"]
[BlackElo "1909"]
[PlyCount "59"]
[EventDate "2018.04.28"]
[EventType "swiss"]
[EventRounds "9"]
[EventCountry "VEN"]
[SourceTitle "EXT 2021"]
[Source "ChessBase"]
[SourceDate "2020.10.23"]
[SourceVersion "1"]
[SourceVersionDate "2020.10.23"]
[SourceQuality "1"]

1. c4 c5 2. g3 Nc6 3. Bg2 g6 4. Nf3 Bg7 5. 0-0 Nf6 6. Na3 0-0 7. d3 d6 8. Nc2 Bg4 9. h3 Bd7 10. Rb1 h5 11. a3 Qc8 12. Kh2 Rb8 13. b4 b6 14. Bd2 Nd8 15. bxc5 bxc5 16. Rxb8 Qxb8 17. Qb1 Ne6 18. Bc3 g5 19. Nd2 h4 20. Qxb8 Rxb8 21. Rb1 Rxb1 22. Nxb1 Nc7 23. Ne3 Nh5 24. Bf3 hxg3+ 25. fxg3 Bxc3 26. Nxc3 Ng7 27. Ncd5 Nxd5 28. Nxd5 Kf8 29. e3 Nf5 30. Bg4 1-0

[Event "San Juan Bello Memorial U2200 2nd"]
[Site "San Juan de Los Morros"]
[Date "2016.09.17"]
[Round "1.13"]
[White "Camacho, Thomas"]
[Black "Gonzalez, Nilfi"]
[Result "1-0"]
[WhiteElo "2022"]
[BlackElo "1560"]
[PlyCount "29"]
[EventDate "2016.09.17"]
[EventType "swiss"]
[EventRounds "5"]
[EventCountry "VEN"]
[SourceTitle "EXT 2022"]
[Source "ChessBase"]
[SourceDate "2021.10.06"]
[SourceVersion "1"]
[SourceVersionDate "2021.10.06"]
[SourceQuality "1"]

1. e4 e5 2. Nf3 Nc6 3. Bc4 Bc5 4. c3 Nf6 5. d3 h6 6. Nbd2 d6 7. Qe2 0-0 8. Bb3 Bg4 9. h3 Bh5 10. Nf1 d5 11. g4 dxe4 12. dxe4 Bg6 13. Ng3 Qd7 14. Nh4 Rad8 15. Nxg6 1-0